=LDR 00000nam 2200000 4500 =001 INLIS000000000045277 =005 20150114105733.0 =006 =007 =008 =035 ##$$0010-011500000000103 =082 ##$$a201.31 =100 ##$$aHN STEVENSON =245 ##$$aPUSTAKA SAINS TELEKOMUNIKASI =260 ##$$a JAKARTA $b GRAMEDIA $c 1987 =850 ##$$a NBPNMAT =990 ##$$a 0001/BPAP-NTB/20142015